Cuentos para amar los libros /

Pere Duch i Balfagó fue maestro de primaria que en 1992, después de quince años de magisterio se convirtió en librero. Desde ese momento dirige la librería Babel (Primer premio Labor cultural de las librerías españolas, 1999) que está desarrollando una importante labor cultural en Castelló de la Pla...

Descrición completa

Gardado en:
Detalles Bibliográficos
Autor Principal: Duch i Balfagó, Pere (autor)
Formato: Libro
Idioma:Lingua castelá
Publicado: Valencia, España : Brosquil, 2003, c2003
Series:(Saltamontes ; 1)
Temas:
Etiquetas: Engadir etiqueta
Sen Etiquetas, Sexa o primeiro en etiquetar este rexistro!

MARC

LEADER 00000nam^a2200000^a^4500
001 000154125
005 20250521000000.0
009 20260310100343.836
020 |a 84-95620-77-4 
037 |a Acervo ITESO - Biblioteca 
041 |a ESP 
082 |a 808. 899282  |b DUC 
100 |a Duch i Balfagó, Pere  |e (autor) 
245 1 0 |a Cuentos para amar los libros /  |c P. Duch i Balfagó ; tr. porManuel Alonso i Català ; il. de Vicent Roman. 
264 4 |a Valencia, España :  |b Brosquil,  |c 2003, c2003 
300 |a 67 p. 
336 |a texto  |b txt  |2 rdacontenido 
337 |a sin mediación  |b n  |2 rdamedio 
338 |a volumen  |b nc  |2 rdasoporte 
440 1 |a (Saltamontes ;  |v 1) 
500 |a Traducción de: Contes per a estimar els llibres 
520 |a Pere Duch i Balfagó fue maestro de primaria que en 1992, después de quince años de magisterio se convirtió en librero. Desde ese momento dirige la librería Babel (Primer premio Labor cultural de las librerías españolas, 1999) que está desarrollando una importante labor cultural en Castelló de la Plana, Valencia, España. Es autor de libros educativos y de otras publicaciones relacionadas con el mundo de los libros. Cuentos para amar los libros es su primer libro de creación y es una compilación de 6 cuentos para niños de edad escolar, cuyos temas son diversos pero que buscan desarrollar en los pequeños lectores, como bien dice el título, el gusto por la lectura. 
649 |a XX 
650 |a Cuentos Infantiles 
650 |a Cuentos Españoles 
650 |a Literatura Infantil -  |z España 
650 |a Literatura Española -  |y Siglo XII 
650 |a Lectura -  |x Difusión 
650 |a Ficción (Narrativa) 
910 |a Fondo General 
920 |a Impresos - Libros 
930 |a Colección General 
940 |a Literatura 
905 |a 101 
901 |a 0500086088  |b IT1  |c LIT  |u 20250521 
902 |a https://opac.biblio.iteso.mx/vufind/Record/000154125